Szczegóły MARC21

Angielski i francuski słownik obrazkowy : odszukaj słowo według ilustracji, znajdź właściwą ilustrację słowa /

003 -Nazwa inst., której nr kontr. jest w polu 001 [,]
    • @
    • Nazwa instytucji, której n kontrolny jest w polu 001
    • NUKAT
005 -DATA I CZAS OSTATNIEJ MODYFIKACJI [,]
    • @
    • pole kontrolne
    • 20241231100724.0
020 -Międzynarod. znormalizowany nr książki - ISBN [ , ]
    • a
    • Numer ISBN
    • 8370013279 Find
040 -Instytucja sporządzająca opis [ , ]
    • a
    • Instytucja, która sporządziła opis (NP)
    • KR 93/MM
    • b
    • Język katalogowania
    • pol
    • e
    • Zasady katalogowania
    • rda
    • c
    • Instytucja, która sporządziła rekord (NP)
    • KR 93/MM
    • d
    • Instytucja, która zmodyfikowała rekord (P)
    • KR 93/AP
    • d
    • Instytucja, która zmodyfikowała rekord (P)
    • KR 93/MM
    • d
    • Instytucja, która zmodyfikowała rekord (P)
    • KR 93/MPs
    • d
    • Instytucja, która zmodyfikowała rekord (P)
    • GL 001/FMM
    • d
    • Instytucja, która zmodyfikowała rekord (P)
    • KR U/42JCs
    • d
    • Instytucja, która zmodyfikowała rekord (P)
    • GL 001/FMM
041 -Język dokumentu [0, ]
    • a
    • Język tekstu (P)
    • angielski
    • a
    • Język tekstu (P)
    • francuski
    • a
    • Język tekstu (P)
    • polski
942 -Rodzaj dokumentu [ , ]
    • c
    • Rodzaj dokumentu
    • Książka
100 -Hasło główne - nazwa osobowa [1, ]
    • a
    • Nazwa osobowa (NP)
    • Corbeil, Jean-Claude
    • d
    • Daty biograficzne (NP)
    • (1932-2022).
    • e
    • Rodzaj współpracy
    • Autor
    • 9
    • KHW
    • 74679
245 -Strefa tytułu i oznaczenia odpowiedzialności [1,0]
    • a
    • Tytuł
    • Angielski i francuski słownik obrazkowy : Find
    • b
    • Ciąg dalszy tytułu (NP)
    • odszukaj słowo według ilustracji, znajdź właściwą ilustrację słowa / Find
    • c
    • Pozostałe elementy strefy tytułu i oznaczenia odpowiedzialności (NP)
    • Jean-Claude Corbeil, Ariane Archambault ; redaktor wersji polskiej Wiktor Bukato.
246 -Wariant tytułu [1, ]
    • i
    • Tekst wyświetlany na ekranie monitora (NP)
    • Tytuł oryginału:
    • a
    • Tytuł (NP)
    • Facts on file English-French visual dictionary
260 -Strefa adresu wydawniczego [ , ]
    • a
    • Miejsce wydania (P)
    • Warszawa :
    • b
    • Nazwa wydawcy (P)
    • Wydawnictwo "Alfa",
    • c
    • Data wydania (P)
    • 1990.
300 -Strefa opisu fizycznego [ , ]
    • a
    • Określenie formy książki i/lub objętość (NP)
    • 927, [1] strona :
    • b
    • Oznaczenie ilustracji (NP)
    • ilustracje ;
    • c
    • Format (NP)
    • 24 cm.
336 -Typ zawartości [ , ]
    • a
    • Termin opisujący typ zawartości
    • Tekst
    • b
    • Kod określający zawartość
    • txt
    • 2
    • Źródło (terminu i kodu)
    • rdacontent
337 -Typ mediów [ , ]
    • a
    • Tryb odtwarzania
    • Bez urządzenia pośredniczącego
    • b
    • Kod typu mediów
    • n
    • 2
    • Źródło (terminu i kodu)
    • rdamedia
338 -Typ/rodzaj nośnika [ , ]
    • a
    • Hasło opisujące typ nośnika
    • Wolumin
    • b
    • Kod typu nośnika
    • nc
    • 2
    • Źródło (terminu i kodu)
    • rdacarrier
546 -Uwaga dot. języka [ , ]
    • a
    • Uwaga dot. języka
    • Całość w języku angielskim i francuskim, wstęp i spis treści w języku polskim.
080 -Uniwersalna Klasyfikacja Dziesiętna [ , ]
    • 9
    • UKD
    • 22676
    • a
    • Symbol klasyfikacji
    • 811.111'374
    • b
    • Dopowiedzenie
    • Język angielski. - Słownik języka angielskiego.
    • 4
    • UKD2
    • 49456
    • x
    • Poddział wspólny
    • -028.22
    • c
    • Dopowiedzenie poddz. wspólnego
    • -Wizualny. Graficzny, obrazkowy.
080 -Uniwersalna Klasyfikacja Dziesiętna [ , ]
    • 2
    • Identyfikator wydania tablic
    • UDC-P058
    • 9
    • UKD
    • 8081
    • a
    • Symbol klasyfikacji
    • 811.133.1'374
    • b
    • Dopowiedzenie
    • Język francuski. - Słowniki języka francuskiego.
    • 4
    • UKD2
    • 49456
    • x
    • Poddział wspólny
    • -028.22
    • c
    • Dopowiedzenie poddz. wspólnego
    • -Wizualny. Graficzny, obrazkowy.
655 -Hasło w funkcji tematu formalnego [ ,7]
    • a
    • Hasło
    • Słowniki obrazkowe angielskie.
    • 2
    • Źródło terminu
    • kaba
    • 9
    • KHW
    • 199204
655 -Hasło w funkcji tematu formalnego [ ,7]
    • a
    • Hasło
    • Słowniki obrazkowe francuskie.
    • 2
    • Źródło terminu
    • kaba
    • 9
    • KHW
    • 150980
980 -Symbol UKD [ , ]
    • a
    • UKD
    • 811.111'374:811.133.1'374]-028.22
700 -Hasło dodatkowe - nazwa osobowa [1, ]
    • a
    • Nazwa osobowa (NP)
    • Archambault, Ariane. Find
    • e
    • Określenie rodzaju współpracy
    • Autor
    • 9
    • KHW
    • 74678
700 -Hasło dodatkowe - nazwa osobowa [1, ]
    • a
    • Nazwa osobowa (NP)
    • Bukato, Wiktor Find
    • d
    • Daty biograficzne (NP)
    • (1949-2021).
    • e
    • Określenie rodzaju współpracy
    • Redakcja
    • 9
    • KHW
    • 66355
710 -Hasło dodatkowe - nazwa ciała zbiorowego [2, ]
    • a
    • Nazwa ciała zbiorowego lub nazwa geograficzna jako pierwszy element (NP)
    • Wydawnictwa Normalizacyjne Alfa.
    • e
    • Rodzaj współpracy
    • Wydawca
    • 4
    • Kod relacji
    • pbl
    • 9
    • KHW
    • 74680
920 -ISBN [ , ]
    • a
    • ISBN
    • 83-7001-327-9 Find
Sygnatura Lokalizacja Data inwentaryzacji Status udost. Numer inwentarzowy
 BE 2E.59593
Z.79225BG 1Z.79225
 BG 1N.14351
 BG -3W.171192
 BG 2Bl.4075
 BM 2JO.1081
 BM -3JO.1082
ANG. Słowniki wielojęzyczne 04BM 1A.321
 BM -3A.322
 BNS 1Pd.5150